Govt. of
Madhya Pradesh

A Descriptive Catalogue of Palm _ Leaf Manuscripts in Tamil (Record no. 6071)

MARC details
000 -LEADER
fixed length control field 003910000a22001570004500
003 - CONTROL NUMBER IDENTIFIER
control field MACL
040 ## - CATALOGING SOURCE
Original cataloging agency MACL
090 ## - LOCALLY ASSIGNED LC-TYPE CALL NUMBER (OCLC); LOCAL CALL NUMBER (RLIN)
-- 6119
-- 6118
100 ## - MAIN ENTRY--PERSONAL NAME
Personal name Hikosaka, Dr, Shu
245 ## - TITLE STATEMENT
Title A Descriptive Catalogue of Palm _ Leaf Manuscripts in Tamil
Remainder of title Vol 1 Part 1
260 ## - PUBLICATION, DISTRIBUTION, ETC. (IMPRINT)
Name of publisher, distributor, etc. Institute of Asian Studies
Date of publication, distribution, etc. 1990
350 ## - PRICE (NR) (BK AM CF MU VM SE) [OBSOLETE]
Price 177.50
650 ## - SUBJECT ADDED ENTRY--TOPICAL TERM
Topical term or geographic name as entry element Manuscripts
942 ## - ADDED ENTRY ELEMENTS (KOHA)
Koha item type Library Membar
Call number prefix 91
951 ## - EQUIVALENCE OR CROSS-REFERENCE--GEOGRAPHIC NAME/AREA NAME [OBSOLETE] [CAN/MARC only]
-- 91 BOOK

No items available.